Pokémon de Type Sol - Statistiques

Statistiques générales
  • Ce quiz a été pris 183 fois
  • Le résultat moyen est 74 sur 88
Statistiques - réponses
Numéro Pokémon % Correct
050 Taupiqueur
98%
050 Taupiqueur d'Alola
98%
330 Libégon
97%
051 Triopikeur
97%
051 Triopikeur d'Alola
97%
075 Gravalanch
96%
076 Grolem
96%
383 Groudon
96%
383 Primo-Groudon
96%
074 Racaillou
96%
027 Sabelette
96%
028 Sablaireau
96%
260 Laggron
95%
260 Méga-Laggron
95%
194 Axoloto
94%
194 Axoloto de Paldea
94%
464 Rhinastoc
94%
111 Rhinocorne
94%
112 Rhinoféros
94%
493 Arceus
93%
323 Camérupt
93%
444 Carmache
93%
443 Griknot
93%
195 Maraiste
93%
323 Méga-Camérupt
93%
445 Carchacrok
91%
322 Chamallot
91%
445 Méga-Carchacrok
91%
329 Vibraninf
91%
343 Balbuto
90%
259 Flobio
90%
473 Mammochon
90%
032 Nidoking
90%
031 Nidoqueen
90%
221 Cochignon
89%
344 Kaorine
89%
618 Limonde
89%
618 Limonde de Galar
89%
208 Méga-Steelix
89%
095 Onix
89%
472 Scorvol
89%
208 Steelix
89%
220 Marcacrin
88%
207 Scorplane
88%
773 Silvallié
88%
389 Torterra
88%
223 Crocorible
87%
551 Mascaïman
86%
413 Cheniselle
85%
328 Kraknoix
85%
552 Escroco
84%
645 Démétéros
83%
105 Ossatueur
83%
104 Osselait
83%
980 Terraiste
83%
537 Crapustule
82%
660 Excavarenne
82%
530 Minotaupe
82%
290 Ningale
82%
340 Barbicha
81%
536 Batracné
81%
450 Hippodocus
81%
449 Hippopotas
81%
339 Barloche
79%
623 Golemastoc
77%
622 Gringolem
77%
770 Trépassable
77%
529 Rototaupe
76%
769 Bacabouh
74%
232 Donphan
74%
231 Phanpy
74%
423 Tritosor
74%
247 Ymphect
74%
246 Embrylex
73%
984 Fort-Ivoire
72%
562 Tutafeh de Galar
72%
718 Zygarde
71%
948 Terracool
70%
949 Terracruel
70%
1003 Dinglu
66%
989 Pelage-Sablé
65%
990 Roue-de-Fer
65%
750 Bourrinos
64%
867 Tutétékri
64%
749 Tiboudet
63%
843 Dunaja
56%
844 Dunaconda
55%
901 Ursaking
51%
Aucun quiz correspondant
Distribution des résultats
% des personnes avec chaque résultat
Percentile par nombre de réponses
Votre historique - résultats
Vous n’avez pas pris ce quiz